| 000 | 00458cam a2200181ua 4500 | ||
|---|---|---|---|
| 020 | _c12.50 | ||
| 041 |
_aeng _h |
||
| 082 |
_a342.029954 _bVID/CO |
||
| 100 | _aMahajan, Vidyadhar . | ||
| 245 |
_aContitutional history of India / _cVidyadhar Mahajan. _hTextual Documents |
||
| 260 |
_aNew Delhi : _bS.Chand and Co , _c1962. |
||
| 300 | _a724 ; . | ||
| 365 | _a12.50 | ||
| 500 | _a**Reference | ||
| 504 | _a | ||
| 942 | _cBK | ||
| 999 |
_c7938 _d7938 |
||